000
00292nam a22001337a 4500
020
_a
978-8174090829
041
_a
ENG
100
_a
Vazirani.V.N
245
_a
Design and Analysis Of Steel Structures
260
_a
Delhi
_b
Khanna Pub
_c
2000
300
_a
1256
650
_a
FS
856
_u
FS
999
_c
843
_d
843